Szczegóły MARC21

Tożsamość człowieka z perspektywy interdyscyplinarnej /

003 -Nazwa inst., której nr kontr. jest w polu 001 [,]
    • @
    • Nazwa instytucji, której n kontrolny jest w polu 001
    • NUKAT
005 -DATA I CZAS OSTATNIEJ MODYFIKACJI [,]
    • @
    • pole kontrolne
    • 20180713013300.0
020 -Międzynarod. znormalizowany nr książki - ISBN [ , ]
    • a
    • Numer ISBN
    • 9788389631749 Find
    • q
    • Dopowiedzenie
    • WSFP
020 -Międzynarod. znormalizowany nr książki - ISBN [ , ]
    • a
    • Numer ISBN
    • 9788373188778 Find
    • q
    • Dopowiedzenie
    • WAM
040 -Instytucja sporządzająca opis [ , ]
    • a
    • Instytucja, która sporządziła opis (NP)
    • KR U/46EG
    • c
    • Instytucja, która sporządziła rekord (NP)
    • KR U/46EG
    • d
    • Instytucja, która zmodyfikowała rekord (P)
    • KR 295/MAGs
    • d
    • Instytucja, która zmodyfikowała rekord (P)
    • WR O/ZWs
    • d
    • Instytucja, która zmodyfikowała rekord (P)
    • KR U/42KJs
942 -Rodzaj dokumentu [ , ]
    • c
    • Rodzaj dokumentu
    • Książka
245 -Strefa tytułu i oznaczenia odpowiedzialności [0,0]
    • a
    • Tytuł
    • Tożsamość człowieka z perspektywy interdyscyplinarnej / Find
    • c
    • Pozostałe elementy strefy tytułu i oznaczenia odpowiedzialności (NP)
    • red. nauk. Maria Pąchalska, Bożena Grochmal-Bach, Bruce Duncan MacQueen.
260 -Strefa adresu wydawniczego [ , ]
    • a
    • Miejsce wydania (P)
    • Kraków :
    • b
    • Nazwa wydawcy (P)
    • Wyższa Szkoła Filozoficzno-Pedagogiczna Ignatianum :
    • b
    • Nazwa wydawcy (P)
    • Wydawnictwo WAM,
    • c
    • Data wydania (P)
    • 2007.
300 -Strefa opisu fizycznego [ , ]
    • a
    • Określenie formy książki i/lub objętość (NP)
    • 403 s. :
    • b
    • Oznaczenie ilustracji (NP)
    • il. ;
    • c
    • Format (NP)
    • 23 cm.
336 -Typ zawartości [ , ]
    • a
    • Termin opisujący typ zawartości
    • Tekst
    • b
    • Kod określający zawartość
    • txt
    • 2
    • Źródło (terminu i kodu)
    • rdacontent
337 -Typ mediów [ , ]
    • a
    • Tryb odtwarzania
    • Bez urządzenia pośredniczącego
    • b
    • Kod typu mediów
    • n
    • 2
    • Źródło (terminu i kodu)
    • rdamedia
338 -Typ/rodzaj nośnika [ , ]
    • a
    • Hasło opisujące typ nośnika
    • Wolumin
    • b
    • Kod typu nośnika
    • nc
    • 2
    • Źródło (terminu i kodu)
    • rdacarrier
500 -Uwaga ogólna [ , ]
    • a
    • Uwaga ogólna (NP)
    • Referaty wygłoszone na IX Kongresie Polskiego Towarzystwa Neuropsychologicznego oraz II Konferencji Psychologiczno-Pedagogicznej pt.: "Tożsamość człowieka z perspektywy interdyscyplinarnej", Kraków, 24-25 września 2004 r.
504 -Uwaga dot. bibliogr. załącznikowej [ , ]
    • a
    • Uwaga dot. bibliografii załącznikowej
    • Bibliogr. przy rozdz. Indeks.
080 -Uniwersalna Klasyfikacja Dziesiętna [ , ]
    • 2
    • Identyfikator wydania tablic
    • UDC-P058 ; UDC-P022
    • a
    • Symbol klasyfikacji
    • 159.922
    • b
    • Dopowiedzenie
    • Właściwości życia psychicznego. Świadomość. Psychologia rozwojowa.
    • x
    • Poddział wspólny
    • -056.24
    • b
    • Dopowiedzenie
    • -Chorzy. Rekonwalescenci.
    • x
    • Poddział wspólny
    • (061)
    • b
    • Dopowiedzenie
    • (Wydawnictwa odnoszące się do konferencji, zjazdów itd. Sprawozdania z konferencji).
080 -Uniwersalna Klasyfikacja Dziesiętna [ , ]
    • 2
    • Identyfikator wydania tablic
    • UDC-P058 ; UDC-P022
    • a
    • Symbol klasyfikacji
    • 616.8
    • b
    • Dopowiedzenie
    • Neurologia. Choroby układu nerwowego.
    • x
    • Poddział wspólny
    • (061)
    • b
    • Dopowiedzenie
    • (Wydawnictwa odnoszące się do konferencji, zjazdów itd. Sprawozdania z konferencji).
080 -Uniwersalna Klasyfikacja Dziesiętna [ , ]
    • 2
    • Identyfikator wydania tablic
    • UDC-P058 ; UDC-P022
    • a
    • Symbol klasyfikacji
    • 165
    • b
    • Dopowiedzenie
    • Teoria poznania. Epistemologia. Zadania i cele poznania. Prawdziwość poznania. Warunki, źródła i rodzaje poznania. Przedmiot, zakres i granice poznania. Stanowiska i kierunki w teorii poznania. Racjonalizm. Irracjonalizm. Intuicjonizm. Filozofia wiary. Tradycjonalizm. Mistycyzm. Filozofia uczucia. Empiryzm. Sensualizm. Psychologizm. Krytycyzm. Dogmatyzm. Sceptycyzm. Nihilizm. Relatywizm. Nominalizm. Pozytywizm. Agnostycyzm. Pragmatyzm. Humanizm. Strukturalizm. Subiektywizm. Realizm teoriopoznawczy. Fenomenologia.
    • x
    • Poddział wspólny
    • (061)
    • b
    • Dopowiedzenie
    • (Wydawnictwa odnoszące się do konferencji, zjazdów itd. Sprawozdania z konferencji).
650 -Hasło przedmiotowe [ , ]
    • a
    • Hasło przedmiotowe
    • Tożsamość (psychologia)
    • v
    • Określnik formalny
    • konferencje.
    • 9
    • KHW
    • 583352
980 -Symbol UKD [ , ]
    • a
    • UKD
    • 159.922-056.24:616.8:165](061)
700 -Hasło dodatkowe - nazwa osobowa [1, ]
    • a
    • Nazwa osobowa (NP)
    • Pąchalska, Maria Find
    • d
    • Daty biograficzne (NP)
    • (1949- ).
    • e
    • Określenie rodzaju współpracy
    • Red.
    • 9
    • KHW
    • 79658
700 -Hasło dodatkowe - nazwa osobowa [1, ]
    • a
    • Nazwa osobowa (NP)
    • Grochmal-Bach, Bożena Find
    • d
    • Daty biograficzne (NP)
    • (1942- ).
    • e
    • Określenie rodzaju współpracy
    • Red.
    • 9
    • KHW
    • 55568
700 -Hasło dodatkowe - nazwa osobowa [1, ]
    • a
    • Nazwa osobowa (NP)
    • MacQueen, Bruce. Find
    • e
    • Określenie rodzaju współpracy
    • Red.
710 -Hasło dodatkowe - nazwa ciała zbiorowego [2, ]
    • a
    • Nazwa ciała zbiorowego lub nazwa geograficzna jako pierwszy element (NP)
    • Wydawnictwo WAM (Kraków).
    • 4
    • Kod relacji
    • pbl
    • 9
    • KHW
    • 52865
711 -Hasło dodatkowe - nazwa imprezy [2, ]
    • a
    • Nazwa imprezy (NP)
    • Międzynarodowy Kongres Polskiego Towarzystwa Neuropsychologicznego
    • n
    • Numer imprezy (P)
    • (9 ;
    • d
    • Data imprezy (NP)
    • 2004 ;
    • c
    • Miejsce imprezy (NP)
    • Kraków).
711 -Hasło dodatkowe - nazwa imprezy [2, ]
    • a
    • Nazwa imprezy (NP)
    • Konferencja Psychologiczno-Pedagogiczna pt. "Tożsamość Człowieka z Perspektywy Interdyscyplinarnej"
    • n
    • Numer imprezy (P)
    • (2 ;
    • d
    • Data imprezy (NP)
    • 2004 ;
    • c
    • Miejsce imprezy (NP)
    • Kraków).
856 -Dostęp do wersji elektronicznej [4,8]
920 -ISBN [ , ]
    • a
    • ISBN
    • 978-83-89631-74-9 Find
    • q
    • Dopowiedzenie
    • WSFP
920 -ISBN [ , ]
    • a
    • ISBN
    • 978-83-7318-877-8 Find
    • q
    • Dopowiedzenie
    • WAM
Lokalizacja Data inwentaryzacji Status udost. Numer inwentarzowy
BG2008-04-171Pd.19228